|
|
|
|
| LEADER |
00000nab a2200000 a 4500 |
| 001 |
vtls009481872 |
| 003 |
SK-MaSNL |
| 005 |
20260304154309.0 |
| 008 |
250507c2008 xo fr|p|||||||000 b|slo |
| 015 |
|
|
|a SNBRB2009/03
|2 snkbucl
|
| 035 |
|
|
|a (sysno)vtls009481872
|
| 035 |
|
|
|a urn:nbn:sk:snk-ab7dfl
|
| 035 |
|
|
|a (uuid)adec0d32-6dc5-4a87-8482-f71be5bbc4e3
|
| 035 |
|
|
|a (urnnbn)urn:nbn:sk:snk:ar-a07qle
|
| 038 |
|
|
|a SNKBUCL
|
| 040 |
|
|
|a SNKBUCL
|b slo
|c SNKBUCL
|e AACR2
|
| 041 |
0 |
|
|a slo
|
| 044 |
|
|
|a xo
|c SK
|
| 080 |
|
|
|a 791.229.2
|x (437.6)
|2 2001
|
| 080 |
|
|
|a 791
|x (437.6)
|2 2001
|
| 080 |
|
|
|a 791.622
|x (437.6)
|2 2001
|
| 245 |
0 |
0 |
|a 15 rokov slovenského dokumentárneho filmu
|c [diskusiu viedla] Zuzana Mistríková ; prepísala Žofia Bosáková
|
| 246 |
3 |
|
|a Pätnásť rokov slovenského dokumentárneho filmu
|
| 300 |
|
|
|a Fotogr.
|
| 500 |
|
|
|a Datované: 10.4.2008
|
| 648 |
|
7 |
|a po 1993
|2 snkbucl
|9 311439
|
| 650 |
0 |
7 |
|a dokumentárny film, slovenský
|2 snkbucl
|9 1067310
|
| 650 |
0 |
7 |
|a slovenská kinematografia
|2 snkbucl
|9 716623
|
| 650 |
0 |
7 |
|a slovenský film
|2 snkbucl
|9 583953
|
| 650 |
0 |
7 |
|a diskusie
|2 snkbucl
|9 4966
|
| 700 |
1 |
|
|a Mistríková, Zuzana,
|d 1967-
|4 ivr
|9 109697
|
| 700 |
1 |
|
|a Branko, Pavel,
|d 1921-2020
|4 ive
|9 85497
|
| 700 |
1 |
|
|a Homolka, Mário
|4 ive
|9 300502
|
| 700 |
1 |
|
|a Ferenčuhová, Mária,
|d 1975-
|4 ive
|9 97708
|
| 700 |
1 |
|
|a Gogola, Jan,
|d 1971-
|4 ive
|9 1423701
|
| 700 |
1 |
|
|a Michalovič, Peter,
|d 1960-
|4 ive
|9 85879
|
| 700 |
1 |
|
|a Ulman, Miro,
|d 1959-
|4 ive
|9 104055
|
| 700 |
1 |
|
|a Zaťko, Ján
|4 ive
|
| 700 |
1 |
|
|a Gindl-Tatárová, Zuzana,
|d 1956-
|4 ive
|9 232051
|
| 700 |
1 |
|
|a Balco, Vladimír,
|d 1949-2017
|4 ive
|9 101972
|
| 700 |
1 |
|
|a Šulík, Marek,
|d 1974-
|4 ive
|9 111142
|
| 700 |
1 |
|
|a Šišovič, Drahomil
|4 ive
|9 864255
|
| 773 |
0 |
|
|t Kino-Ikon
|g Roč. 12, č. 1 (2008), s. 91-114
|x 1335-1893
|
| 850 |
|
|
|a Slovenská národná knižnica
|
| 852 |
|
|
|a Slovenská národná knižnica
|
| 954 |
|
|
|a odborná, vedecká literatúra pôvodná (slovenská)
|2 lita
|
| 958 |
|
|
|a article2022
|
| 958 |
|
|
|a SK
|
| 958 |
|
|
|a OND
|
| 958 |
|
|
|a EUIPO
|
| 999 |
|
|
|c 2957021
|d 2958951
|